Города Дагестана - Statistics

General Stats
  • This quiz has been taken 84 times
  • The average score is 7 of 10
Answer Stats
Население Город % Correct
622 091 Махачкала
99%
124 953 Дербент
96%
155 144 Хасавюрт
81%
121 140 Каспийск
81%
49 999 Кизляр
62%
31 412 Дагестанские Огни
62%
55 996 Избербаш
58%
38 335 Кизилюрт
52%
68 121 Буйнакск
49%
10 503 Южно-Сухокумск
28%
No matching quizzes found
Score Distribution
Percent of People with Each Score
Percentile by Number Answered
Your Score History
You have not taken this quiz